000 00744nam a2200217Ia 4500
003 GCL
008 140319s9999 xx 000 0 ara d
040 _aGCL /
_cGCL
082 0 4 _a953.08
_bط ن
100 1 _aمحمد احمد الدهمان
245 1 0 _aنقد الطالب لزغل المناصب /
_cمحمد احمد الدهمان
700 1 _aابن طولون : محمد بن على بن احمد بن على بن خمارويه الدمشقى
700 1 _aزاز اباظة (مراجع)
260 _a[S.N] :
_bدار الفكر المعاصر ،
_c1992
300 _a211 ص
490 _a
650 0 4 _aالعالم العربى
650 0 4 _aالتاريخ الاسلامى
650 0 4 _aالمهن
942 _2ddc
_cBK
999 _c30825
_d30825